[Event "Moscow Open RSSU Cup 2019"]
[Site "Moscow"]
[Date "2019.01.27"]
[Round "2"]
[White "Grachev, Boris"]
[Black "Fayzullaev, Akmal"]
[Result "1-0"]
[WhiteElo "2626"]
[BlackElo "2391"]
[Annotator "TA"]
[PlyCount "97"]
[EventDate "2019.01.26"]
[EventType "swiss"]
[EventCountry "RUS"]
[SourceTitle "playchess.com"]
[Source "ChessBase"]
[SourceQuality "1"]

{[%evp 17,97,15,26,0,0,0,4,10,20,24,24,24,45,42,63,57,71,57,57,56,62,62,62,51,56,58,53,50,66,50,54,51,53,35,35,34,39,29,37,34,44,45,257,248,196,250,232,241,238,234,235,229,191,151,287,299,352,350,466,465,566,579,538,549,573,578,539,527,520,411,570,543,681,678,666,666,630,611,574,567,29992,29993]} 1. Nf3 Nf6 2. c4 g6 3. Nc3 Bg7 4. g3 O-O 5. Bg2 c5 6. d4 cxd4 7. Nxd4 Nc6 8. O-O d6 9. Nc2 Qa5 10. Nb5 {A38: Symmetrical English vs ...g6: 4 Bg2 Bg7 5 Nf3 Nf6} Be6 11. Bd2 Qd8 12. Ne3 {The position is equal.} a6 13. Nc3 Rc8 14. Rc1 {[#]} Re8 $146 ({Predecessor:} 14... Qd7 15. Ned5 Bxd5 16. cxd5 Ne5 17. b3 Qd8 {1-0 (62) Nogueiras Santiago,J (2555)-Cebalo,M (2525) Aosta 1990}) 15. b3 Rb8 16. Ned5 Bxd5 17. Nxd5 Ne5 18. Be3 Nxd5 19. Qxd5 b6 20. Rfd1 Qc7 21. h3 Red8 22. Qd2 a5 23. Bg5 Re8 24. Qd5 $36 {[%mdl 2048] Black is under pressure.} Nd7 25. Qb5 Nc5 26. Rc2 Rec8 27. Be3 Qa7 28. a3 Ne6 29. h4 Bd4 $2 (29... h5 $14) 30. Rxd4 $18 ({Weaker is} 30. Bxd4 Nxd4 31. Rxd4 Rc5 $17) 30... Rc5 31. Qa4 b5 32. cxb5 Rxc2 {[#]} 33. Rxd6 $1 {[%mdl 512]} Qc7 (33... exd6 34. Bxa7) 34. Rc6 Rxc6 35. bxc6 Qd6 (35... Qe5 $16 36. Qc4 Nc7) 36. Kh2 ({Not} 36. Qxa5 Rxb3 37. Bc5 Qe5 $16) 36... Qe5 37. Qc4 Rc8 38. b4 axb4 39. axb4 Nc7 40. Bf4 Qb5 41. Qd4 Ne6 42. Qd7 {[%mdl 64] [#] Double Attack} Rf8 43. Bh6 Rb8 44. Qxe7 Qxb4 45. c7 Nxc7 46. Qxc7 {Bd5 would kill now.} Qb6 47. Qe5 {[%csl Gh6][%cal Re5g7]} Qb2 48. Qf4 {White wants to mate with Bd5.} Rb4 49. Qc7 {Accuracy: White = 73%, Black = 42%.} 1-0

[Event "Moscow Open RSSU Cup 2019"]
[Site "Moscow"]
[Date "2019.01.27"]
[Round "2"]
[White "Kokarev, Dmitry"]
[Black "Pogosyan, Stefan"]
[Result "1-0"]
[WhiteElo "2605"]
[BlackElo "2382"]
[Annotator "TA"]
[PlyCount "93"]
[EventDate "2019.01.26"]
[EventType "swiss"]
[EventCountry "RUS"]
[SourceTitle "playchess.com"]
[Source "ChessBase"]
[SourceQuality "1"]

{[%evp 25,93,43,45,11,54,61,58,51,58,60,58,60,70,66,67,65,72,67,81,85,81,80,105,102,166,116,127,138,170,170,210,197,240,241,286,284,282,282,302,297,372,389,379,402,376,388,437,406,404,427,561,235,341,336,652,644,642,647,606,593,941,650,854,790,1106,1088,1134,1126,1104,891]} 1. c4 c5 2. Nf3 Nc6 3. d4 cxd4 4. Nxd4 g6 5. e4 Bg7 6. Be3 Nf6 7. Nc3 O-O 8. Be2 d6 9. O-O Bd7 10. Qd2 Rc8 11. f3 a6 12. Rfd1 Nxd4 {B38: Sicilian: Maroczy Bind with 5...Bg7 and 7...0-0} 13. Bxd4 Be6 {LiveBook: 10 Games} 14. Nd5 (14. b3 Nd7 15. Bxg7 Kxg7 16. f4 Qb6+ 17. Kh1 f6 18. Nd5 Qd8 19. Qe3 Bf7 20. Bg4 e6 21. Nc3 Qe7 22. Rd2 {1-0 (37) Rozum,I (2581)-Khlebovich,A (2370) St Petersburg 2018}) 14... Bxd5 {The position is equal.} 15. exd5 Nd7 16. Bf2 Nc5 17. Rab1 a5 $146 ({Predecessor:} 17... Qd7 18. b4 Na4 19. Rdc1 Rc7 20. Bd1 {½-½ (33) Jelen,I-Kizov,R Porec 1974}) 18. b3 b6 19. Re1 Re8 20. Bf1 Qc7 21. g3 a4 22. b4 Nd7 23. Rbc1 Ne5 24. Qd1 f5 (24... a3 $16) 25. a3 Qb7 26. Be2 {[%cal Bf1e2,Be2g4,Bg4e6,Be6f5][%mdl 32]} Qa7 27. f4 Nd7 28. g4 fxg4 29. Bxg4 Rc7 30. Be6+ Kh8 31. f5 gxf5 32. Qh5 ({But not} 32. Bxf5 Qa8) 32... Rf8 33. Bxf5 {[%csl Gf5][%cal Rh5h7] [#]} Nf6 34. Qh3 e5 35. dxe6 Rg8 36. Kf1 {[%cal Bg1f1,Bf1e2,Be2f3][%mdl 32]} Qb7 37. Ke2 b5 38. cxb5 (38. Rg1 $142) 38... Qxb5+ (38... Rxc1 {was worth a try.} 39. Rxc1 Qxb5+ 40. Ke1 Qe5+ 41. Kf1 Qd5) 39. Qd3 $18 Qe5+ $2 {[#]} (39... Rb7 40. Qxb5 Rxb5) 40. Kf3 {White is clearly winning.} Rxc1 41. Rxe5 dxe5 42. e7 Re8 43. Bc5 Ra1 44. b5 {[%cal Bb4b5,Bb5b6][%mdl 32]} Rc1 45. Bb4 Rc7 46. b6 Rb7 47. Bc5 {Accuracy: White = 81%, Black = 25%.} 1-0

[Event "Moscow Open RSSU Cup 2019"]
[Site "Moscow"]
[Date "2019.01.27"]
[Round "2"]
[White "Kryakvin, Dmitry"]
[Black "Zakaryan, David"]
[Result "1-0"]
[WhiteElo "2588"]
[BlackElo "2378"]
[Annotator "TA"]
[PlyCount "140"]
[EventDate "2019.01.26"]
[EventType "swiss"]
[EventCountry "RUS"]
[SourceTitle "playchess.com"]
[Source "ChessBase"]
[SourceQuality "1"]

{[%evp 14,140,16,10,43,41,55,51,58,50,53,49,48,27,32,27,22,27,33,31,43,57,43,31,38,41,39,33,37,36,63,22,35,25,25,22,37,39,83,54,55,35,39,30,45,37,38,38,54,9,65,56,78,40,51,48,45,41,91,79,89,56,92,66,167,141,152,131,170,172,170,171,162,156,155,162,221,192,192,101,311,294,279,65,75,62,76,81,96,68,75,0,29,27,65,59,59,70,81,18,24,41,262,125,156,143,120,181,288,286,29972,29973,29973,29974,29974,29974,29976,29977,29978,29979,29978,29980,29980,29981,29981,29982,29984,29985,29985]} 1. c4 Nf6 2. Nc3 c5 $146 ({Predecessor:} 2... g6 3. g3 Bg7 4. Bg2 O-O 5. d3 c5 6. Rb1 Nc6 7. a3 d6 {1-0 (50) Gurevich,M (2627)-Deszczynski,A (2335) Warsaw 2007}) 3. g3 g6 4. Bg2 Bg7 5. a3 O-O 6. b4 d6 7. Rb1 Nc6 8. d3 Ne8 {A36: Symmetrical English vs ...g6: 4 Bg2 Bg7} 9. Na4 Qc7 ({Predecessor:} 9... cxb4 10. axb4 Nc7 11. b5 Ne5 12. Nf3 Nxf3+ 13. Bxf3 Ne6 14. Bg2 a6 15. bxa6 Rxa6 16. Bd2 {1-0 (50) Gurevich,M (2627)-Deszczynski,A (2335) Warsaw 2007}) 10. Bd2 Nd4 {White is slightly better.} 11. e3 Ne6 12. Ne2 Rb8 13. Nec3 b6 14. O-O Bb7 15. Nd5 Qd8 16. Bc3 Bxc3 17. Naxc3 N6c7 18. d4 e6 19. Nxc7 Qxc7 20. Nb5 Qe7 21. d5 Ba6 22. dxe6 fxe6 23. Qa4 Bxb5 $1 24. Qxb5 Rc8 25. Rbd1 Qc7 26. bxc5 bxc5 27. Rd3 Rb8 28. Qa4 Rb6 29. Bh3 Ng7 30. Qd1 e5 31. Qe2 Rf6 (31... Qe7 $11) 32. Rfd1 $14 Ne6 33. Qg4 Qe7 34. Bg2 Kg7 35. h4 h5 36. Qe2 Nd8 37. Bd5 e4 38. Rc3 Rf5 (38... Nf7 $14) 39. Qc2 Re5 40. Rb1 Rxb1+ 41. Qxb1 g5 42. hxg5 Qxg5 43. Bxe4 h4 44. Bg2 $1 Nf7 (44... Re6 $142 45. gxh4 Qxh4) 45. Rb3 {f4 is the strong threat.} Qg4 46. e4 (46. gxh4 $18 Qxh4 47. Qb2) 46... Rg5 $2 (46... Re6 $16 {might work better.}) 47. Qa1+ $1 $18 Kh7 {[%cal Rh4g3]} 48. Rf3 $2 ({White has to play} 48. Rb7 $18 Rg7 49. Qf6 {[%mdl 64] Double Attack} (49. Rxa7 hxg3 50. f3 Qf4 $11)) 48... Qh5 49. gxh4 $1 Ne5 {( -> ...Rxg2+!)} 50. hxg5 {Strongly threatening Rh3.} Nxf3+ 51. Bxf3 Qxf3 $16 {[%mdl 4096] Endgame KQ-KQ} 52. Qf1 ({White should try} 52. Qb1 $16) 52... Qxe4 53. Qh3+ Kg8 $1 54. Qc8+ Kg7 55. Qc7+ Kg8 56. Qxd6 (56. Qd8+ $16 Kh7 57. Qxd6) 56... Qg4+ $11 57. Kh2 {Black must now prevent Qb8+.} Qxc4 $2 {[#]} ({Black should play} 57... Qh4+ $1 $14 58. Kg2 Qg4+ 59. Qg3 Qxc4) 58. Qg6+ (58. Kg3 $1 $18) 58... Kf8 $16 59. Qf6+ Kg8 60. g6 Qd5 61. Kg3 c4 $2 {[#]} (61... a6 $18 62. Kf4 (62. Qxa6 Kg7 $16) 62... Qc4+ 63. Kg3 Qd5) 62. Qf7+ $1 {[%mdl 512] White mates.} Qxf7 63. gxf7+ Kxf7 {KPP-KPP} 64. Kf4 Kf6 65. Ke4 Kg5 66. Kd4 c3 67. Kxc3 Kf4 68. Kb4 Kf3 69. Ka5 Kxf2 70. Ka6 Ke3 {Accuracy: White = 61%, Black = 39%.} 1-0

[Event "Moscow Open RSSU Cup 2019"]
[Site "Moscow"]
[Date "2019.01.27"]
[Round "2"]
[White "Mozharov, Mikhail"]
[Black "Anikonov, Dmitry"]
[Result "1-0"]
[WhiteElo "2549"]
[BlackElo "2371"]
[Annotator "RC"]
[PlyCount "173"]
[EventDate "2019.01.26"]
[EventType "swiss"]
[EventCountry "RUS"]
[SourceTitle "playchess.com"]
[Source "ChessBase"]
[SourceQuality "1"]
[TimeControl "40/5400+30:1800+30"]

1. c4 {[%emt 0:01:48]} Nf6 {[%emt 0:02:12]} 2. Nf3 {[%emt 0:00:38]} c5 {[%emt 0:00:07]} 3. g3 {[%emt 0:00:08]} b6 {[%emt 0:00:22]} 4. Bg2 {[%emt 0:00:08]} Bb7 {[%emt 0:00:04]} 5. O-O {[%emt 0:00:20]} e6 {[%emt 0:00:03]} 6. Nc3 {[%emt 0:00:15]} Be7 {[%emt 0:00:15]} 7. d4 {[%emt 0:00:27]} cxd4 {[%emt 0:00:06]} 8. Qxd4 {[%emt 0:00:04]} O-O {[%emt 0:00:10]} 9. Rd1 {[%emt 0:00:18]} d6 {[%emt 0:05:47]} 10. Bg5 {[%emt 0:03:38]} Nc6 {[%emt 0:05:17]} 11. Qd2 Qb8 {[%emt 0:06:23]} 12. Rac1 {[%emt 0:07:19]} Rd8 {[%emt 0:02:46]} 13. e4 {[%emt 0:13:27]} a6 {[%emt 0:05:50]} 14. Qe2 {[%emt 0:00:55]} Ne5 {[%emt 0:02:06]} 15. Nd4 {[%emt 0:02:52]} h6 {[%emt 0:05:43]} 16. Bd2 {[%emt 0:03:31]} Qc7 {[%emt 0:02:24]} 17. b3 {[%emt 0:01:53]} Rac8 {[%emt 0:02:17]} 18. f4 {[%emt 0:02:36]} Ned7 19. f5 {[%emt 0:12:11]} e5 {[%emt 0:18:11]} 20. Nc2 {[%emt 0:00:07]} b5 {[%emt 0:07:32]} 21. cxb5 {[%emt 0:04:56]} axb5 {[%emt 0:00:05]} 22. Qxb5 {[%emt 0:03:58]} Qc5+ {[%emt 0:14:50]} 23. Ne3 {[%emt 0:15:04]} Qxb5 {[%emt 0:01:02]} 24. Nxb5 {[%emt 0:02:04]} Nxe4 {[%emt 0:00:06]} 25. Rxc8 {[%emt 0:03:44]} Rxc8 {[%emt 0:01:09]} 26. Bb4 {[%emt 0:00:41]} Ndc5 {[%emt 0:08:24]} 27. Nc4 {[%emt 0:08:04]} d5 {[%emt 0:03:07]} 28. Nxe5 {[%emt 0:02:45]} Bg5 {[%emt 0:00:09]} 29. Bf3 {[%emt 0:02:59]} Be3+ {[%emt 0:00:51]} 30. Kf1 {[%emt 0:00:33]} Ra8 {[%emt 0:03:41]} 31. Ng4 {[%emt 0:05:38]} Bg5 {[%emt 0:00:31]} 32. Bxc5 {[%emt 0:00:18]} Nxc5 {[%emt 0:00:59]} 33. h4 {[%emt 0:01:21]} Be7 {[%emt 0:01:57]} 34. Nc3 {[%emt 0:01:20]} Ne4 {[%emt 0:00:50]} 35. Nxd5 {[%emt 0:00:32]} Bxd5 {[%emt 0:01:25]} 36. Rxd5 {[%emt 0:00:05]} Nxg3+ {[%emt 0:00:14]} 37. Kg2 {[%emt 0:00:33]} Nh5 {[%emt 0:00:20]} 38. Rd2 {[%emt 0:00:31]} Ra5 {[%emt 0:00:51]} 39. Be4 {[%emt 0:01:07]} Bxh4 {[%emt 0:00:22]} 40. Rc2 Nf6 {[%emt 0:00:00]} 41. Nxf6+ {[%emt 0:00:44]} Bxf6 {[%emt 0:03:43]} 42. a4 {[%emt 0:00:04]} g6 {[%emt 0:02:25]} 43. Rc8+ {[%emt 0:08:20]} Kg7 {[%emt 0:00:37]} 44. fxg6 {[%emt 0:05:30]} fxg6 {[%emt 0:00:14]} 45. Rc7+ {[%emt 0:00:05]} Kf8 {[%emt 0:01:19]} 46. Kf3 g5 {[%emt 0:01:11]} 47. Bg6 {[%emt 0:01:51]} Be7 {[%emt 0:00:41]} 48. Kg4 {[%emt 0:05:49]} Rd5 {[%emt 0:06:55]} 49. Be4 {[%emt 0:01:33]} Re5 {[%emt 0:00:54]} 50. Rc4 {[%emt 0:02:20]} Rc5 {[%emt 0:03:27]} 51. Rd4 {[%emt 0:00:26]} Ra5 {[%emt 0:02:21]} 52. Bc2 {[%emt 0:03:15]} Rc5 {[%emt 0:01:12]} 53. Bd3 {[%emt 0:00:30]} Bf6 {[%emt 0:01:52]} 54. Rd7 {[%emt 0:00:20]} Ke8 {[%emt 0:02:04]} 55. Rh7 {[%emt 0:00:38]} Bc3 {[%emt 0:00:26]} 56. Rxh6 {[%emt 0:00:36]} Kd7 {[%emt 0:01:01]} 57. Bf5+ {[%emt 0:00:58]} Kc7 {[%emt 0:01:31]} 58. Rh7+ {[%emt 0:00:04]} Kb6 {[%emt 0:00:07]} 59. Kxg5 {[%emt 0:00:05]} Rc7 {[%emt 0:00:38]} 60. Rh1 {[%emt 0:01:16]} Ka5 {[%emt 0:01:35]} 61. Be6 {[%emt 0:00:37]} Rc6 {[%emt 0:00:19]} 62. Kf5 {[%emt 0:00:24]} Kb4 {[%emt 0:01:02]} 63. Rh4+ {[%emt 0:00:50]} Ka5 {[%emt 0:00:20]} 64. Bd5 {[%emt 0:00:37]} Rf6+ {[%emt 0:01:22]} 65. Ke4 {[%emt 0:00:05]} Rg6 {[%emt 0:01:11]} 66. Bc4 {[%emt 0:01:17]} Kb6 {[%emt 0:00:56]} 67. Rh5 {[%emt 0:00:33]} Rg4+ {[%emt 0:00:25]} 68. Kf3 {[%emt 0:00:20]} Rg1 {[%emt 0:00:44]} 69. Rb5+ {[%emt 0:00:23]} Kc6 {[%emt 0:00:04]} 70. Bd5+ {[%emt 0:00:08]} Kd6 {[%emt 0:00:04]} 71. Ke4 {[%emt 0:01:44]} Rg4+ {[%emt 0:01:34]} 72. Kd3 {[%emt 0:00:44]} Be1 {[%emt 0:01:40]} 73. Be4 {[%emt 0:02:03]} Bf2 {[%emt 0:00:58]} 74. Rf5 {[%emt 0:00:41]} Be1 {[%emt 0:02:01]} 75. Rd5+ {[%emt 0:02:32]} Kc7 {[%emt 0:00:07]} 76. Rc5+ {[%emt 0:00:31]} Kb6 {[%emt 0:00:17]} 77. Rc1 {[%emt 0:00:55]} Bb4 {[%emt 0:00:51]} 78. Rf1 {[%emt 0:00:10]} Be7 {[%emt 0:01:37]} 79. Rf7 {[%emt 0:00:11]} Bd6 {[%emt 0:00:28]} 80. Rf6 {[%emt 0:00:47]} Kc7 {[%emt 0:00:31]} 81. Rf7+ {[%emt 0:01:08]} Kb6 {[%emt 0:00:09]} 82. Rf6 {[%emt 0:00:05]} Kc7 {[%emt 0:00:10]} 83. a5 {[%emt 0:00:17]} Rg5 {[%emt 0:01:11]} 84. Rf7+ {[%emt 0:00:06]} Kb8 {[%emt 0:00:28]} 85. a6 {[%emt 0:00:14]} Ra5 {[%emt 0:00:08]} 86. Rb7+ {[%emt 0:00:29]} Kc8 {[%emt 0:00:03]} 87. a7 {[%emt 0:00:33]} 1-0

[Event "Moscow Open RSSU Cup 2019"]
[Site "Moscow"]
[Date "2019.01.27"]
[Round "2"]
[White "Korneev, Oleg"]
[Black "Khayrullin, Denis"]
[Result "1-0"]
[WhiteElo "2545"]
[BlackElo "2362"]
[Annotator "RC"]
[PlyCount "100"]
[EventDate "2019.01.26"]
[EventType "swiss"]
[EventCountry "RUS"]
[SourceTitle "playchess.com"]
[Source "ChessBase"]
[SourceQuality "1"]
[TimeControl "40/5400+30:1800+30"]

1. e4 {[%emt 0:07:23]} c5 {[%emt 0:01:42]} 2. Nf3 {[%emt 0:00:05]} d6 {[%emt 0:00:19]} 3. d4 {[%emt 0:00:03]} cxd4 {[%emt 0:00:07]} 4. Nxd4 {[%emt 0:00:02]} Nf6 {[%emt 0:00:06]} 5. Nc3 {[%emt 0:00:01]} a6 {[%emt 0:00:08]} 6. Be3 {[%emt 0:00:04]} e5 {[%emt 0:01:10]} 7. Nf3 {[%emt 0:02:10]} Be7 {[%emt 0:00:53]} 8. Bc4 {[%emt 0:04:28]} O-O {[%emt 0:00:21]} 9. O-O {[%emt 0:00:03]} Be6 {[%emt 0:00:18]} 10. Qe2 {[%emt 0:00:10]} Nc6 {[%emt 0:03:57]} 11. Rfd1 {[%emt 0:00:46]} Qc7 12. Bb3 {[%emt 0:14:58]} Na5 {[%emt 0:01:30]} 13. Bg5 {[%emt 0:03:31]} Nxb3 {[%emt 0:01:52]} 14. axb3 {[%emt 0:00:41]} Nh5 {[%emt 0:01:18]} 15. Nxe5 {[%emt 0:11:10]} Bxg5 {[%emt 0:02:33]} 16. Qxh5 {[%emt 0:00:08]} Bf6 {[%emt 0:00:18]} 17. Nf3 {[%emt 0:00:23]} Bxc3 {[%emt 0:07:40]} 18. bxc3 {[%emt 0:00:06]} Qxc3 {[%emt 0:00:30]} 19. Nd4 {[%emt 0:00:02]} Rfc8 {[%emt 0:10:10]} 20. Qa5 {[%emt 0:02:55]} Qxa5 {[%emt 0:09:18]} 21. Rxa5 {[%emt 0:02:36]} Kf8 22. f3 {[%emt 0:21:44]} Ke7 {[%emt 0:06:06]} 23. c4 {[%emt 0:00:45]} b6 {[%emt 0:17:10]} 24. Ra2 {[%emt 0:01:12]} b5 {[%emt 0:03:02]} 25. cxb5 {[%emt 0:00:29]} axb5 {[%emt 0:00:16]} 26. Rda1 {[%emt 0:06:09]} Rxa2 {[%emt 0:22:39]} 27. Rxa2 {[%emt 0:00:10]} Rc1+ {[%emt 0:00:48]} 28. Kf2 {[%emt 0:00:23]} Rb1 {[%emt 0:00:46]} 29. Ra5 {[%emt 0:12:04]} Bd7 {[%emt 0:03:46]} 30. Ra7 {[%emt 0:00:04]} Rb2+ {[%emt 0:01:35]} 31. Kg3 {[%emt 0:00:02]} g6 {[%emt 0:01:52]} 32. Rb7 {[%emt 0:03:30]} h5 {[%emt 0:02:35]} 33. h4 {[%emt 0:00:07]} Kd8 {[%emt 0:00:34]} 34. Nxb5 {[%emt 0:00:53]} Bxb5 {[%emt 0:00:37]} 35. Rxb5 {[%emt 0:00:10]} Kc7 {[%emt 0:00:37]} 36. Kh3 {[%emt 0:00:18]} Rb1 {[%emt 0:00:09]} 37. Kh2 {[%emt 0:01:15]} Rb2 {[%emt 0:00:26]} 38. Kg3 {[%emt 0:00:01]} f6 {[%emt 0:00:26]} 39. Rb4 {[%emt 0:00:16]} Kd7 {[%emt 0:00:41]} 40. Rb7+ {[%emt 0:00:00]} Ke6 41. Rg7 {[%emt 0:10:03]} Rxb3 {[%emt 0:14:01]} 42. Rxg6 {[%emt 0:00:06]} Rb5 {[%emt 0:00:25]} 43. Rh6 {[%emt 0:00:03]} Re5 {[%emt 0:01:10]} 44. Rh8 {[%emt 0:01:20]} Kf7 {[%emt 0:02:48]} 45. Rd8 {[%emt 0:01:08]} Ke7 {[%emt 0:00:20]} 46. Ra8 {[%emt 0:00:02]} f5 {[%emt 0:00:25]} 47. exf5 {[%emt 0:00:42]} Rxf5 {[%emt 0:00:18]} 48. Rg8 {[%emt 0:00:22]} Ke6 {[%emt 0:12:43]} 49. Rg6+ {[%emt 0:04:24]} Ke5 {[%emt 0:01:23]} 50. Rg5 Kd5 1-0

[Event "Moscow Open RSSU Cup 2019"]
[Site "Moscow"]
[Date "2019.01.27"]
[Round "2"]
[White "Potapov, Pavel"]
[Black "Gan-Erdene, Sugar"]
[Result "1-0"]
[WhiteElo "2516"]
[BlackElo "2355"]
[Annotator "TA"]
[PlyCount "77"]
[EventDate "2019.01.26"]
[EventType "swiss"]
[EventCountry "RUS"]
[SourceTitle "playchess.com"]
[Source "ChessBase"]
[SourceQuality "1"]

{[%evp 16,77,22,30,76,71,82,82,75,47,47,54,55,55,61,64,64,40,64,50,46,56,83,58,57,75,77,54,86,77,161,136,144,145,154,155,135,102,112,116,115,121,126,96,190,195,187,193,267,270,384,301,350,352,862,797,830,820,782,638,29984,29985,29985,5267]} 1. e4 c5 2. Nf3 d6 3. c3 Nf6 4. h3 Nc6 5. Bd3 g6 6. Bc2 Bg7 7. O-O O-O 8. d4 Qc7 {B50: Sicilian: 2...d6, Miscellaneous} (8... cxd4 9. cxd4 Nb4 10. Bb3 b6 11. a3 Nc6 12. Nc3 Bb7 13. Re1 Rc8 14. Bg5 h6 15. Bh4 Na5 16. Ba2 g5 17. Bg3 Rxc3 18. bxc3 Nxe4 {1-0 (40) Bortnyk,O (2581)-Bok,B (2598) Doha 2016}) 9. d5 {LiveBook: 5 Games} Nb8 10. a4 $146 ({Predecessor:} 10. c4 e5 11. Nc3 a6 12. Be3 Nh5 13. Qd2 Qe7 14. g4 Nf4 15. Bxf4 exf4 16. Qxf4 {0-1 (49) Ujhazi,I (2132)-Banovic,I (2224) Novi Sad 2018}) 10... Nbd7 {White is better.} 11. Na3 a6 12. Nc4 Rb8 13. a5 b5 14. axb6 $1 Nxb6 15. Nxb6 Qxb6 16. Nd2 Bd7 17. Nc4 Qc7 18. Re1 Ne8 19. Bg5 Bb5 20. Ne3 Nf6 21. Ra2 Rfe8 22. f4 e6 (22... c4 $16 {might work better.}) 23. c4 $18 Bd7 {[#]} 24. e5 $1 $36 {[%cal Re5f6][%mdl 2048] White is really pushing.} dxe5 25. d6 Qb7 26. Bxf6 Bxf6 27. Ng4 $1 {[%csl LRe5,LRf6][%mdl 64] Double Attack} Bg7 28. fxe5 ({Reject} 28. Nxe5 $6 Red8 $11) 28... Bc6 29. Qd2 Qb4 (29... h5 $16) 30. Qxb4 Rxb4 {[#]} 31. b3 $1 Bb7 (31... Rb6 {is a better defense.} 32. Ra5 h5) 32. Ra5 f6 (32... Rd8 {was worth a try.} 33. Nf2 (33. Rxc5 Rxd6 34. exd6 Bd4+ 35. Kf1 Bxc5 $18) 33... Rb6) 33. Rxc5 fxe5 34. Rc7 ({Weaker is} 34. Nxe5 Bf8 $16) 34... Rb6 $2 (34... Ba8 35. Nxe5 Rb7) 35. c5 Rc6 36. Rxb7 Rxc5 37. Be4 {Strongly threatening Rf1.} Rd8 38. Rf1 Rb5 39. Rc7 {Accuracy: White = 69%, Black = 37%.} (39. Ra7 $142 Kh8 40. Rff7 Rg8 41. Nf6 Rbb8 42. Nxg8 Rxg8 43. Rxg7 {[%mdl 64] Promotion} Rxg7 44. Rxg7) 1-0

[Event "Moscow Open RSSU Cup 2019"]
[Site "Moscow"]
[Date "2019.01.27"]
[Round "2"]
[White "Afanasiev, Nikita"]
[Black "Salemgareev, Tagir"]
[Result "1/2-1/2"]
[WhiteElo "2508"]
[BlackElo "2342"]
[Annotator "ChessBase"]
[PlyCount "102"]
[EventDate "2019.01.26"]
[EventType "swiss"]
[EventCountry "RUS"]
[SourceTitle "playchess.com"]
[Source "ChessBase"]
[SourceQuality "1"]
[TimeControl "40/5400+30:1800+30"]

1. d4 {[%emt 0:02:07]} Nf6 {[%emt 0:00:00]} 2. c4 {[%emt 0:00:13]} e6 {[%emt 0:00:00]} 3. Nf3 {[%emt 0:00:07]} Bb4+ {[%emt 0:00:20]} 4. Nbd2 {[%emt 0:00:12]} O-O {[%emt 0:00:14]} 5. a3 {[%emt 0:00:16]} Be7 {[%emt 0:00:05]} 6. e4 {[%emt 0:04:54]} d6 {[%emt 0:00:51]} 7. b4 {[%emt 0:01:27]} c5 8. Bb2 {[%emt 0:22:19]} cxd4 {[%emt 0:16:08]} 9. Nxd4 {[%emt 0:00:37]} b6 {[%emt 0:05:34]} 10. Bd3 {[%emt 0:04:21]} Bb7 {[%emt 0:00:42]} 11. O-O {[%emt 0:00:43]} Nc6 {[%emt 0:00:39]} 12. Nxc6 {[%emt 0:04:27]} Bxc6 {[%emt 0:00:39]} 13. Qe2 {[%emt 0:00:13]} Nd7 {[%emt 0:07:54]} 14. Nf3 {[%emt 0:12:40]} Bf6 {[%emt 0:03:53]} 15. Nd4 {[%emt 0:01:59]} Ba4 {[%emt 0:02:29]} 16. Rac1 a6 {[%emt 0:04:36]} 17. Bc2 {[%emt 0:10:54]} Bxc2 {[%emt 0:00:17]} 18. Rxc2 {[%emt 0:00:15]} Qc7 {[%emt 0:01:41]} 19. Nf3 {[%emt 0:05:22]} Bxb2 {[%emt 0:06:09]} 20. Rxb2 {[%emt 0:00:02]} Rfc8 {[%emt 0:00:09]} 21. Rc1 {[%emt 0:05:51]} a5 {[%emt 0:05:55]} 22. b5 {[%emt 0:06:55]} Qc5 {[%emt 0:03:30]} 23. Qd3 {[%emt 0:01:16]} Ne5 {[%emt 0:11:42]} 24. Nxe5 {[%emt 0:00:14]} dxe5 {[%emt 0:02:36]} 25. Rd2 {[%emt 0:00:24]} Rab8 {[%emt 0:01:16]} 26. Qd6 {[%emt 0:02:56]} Qxd6 {[%emt 0:05:41]} 27. Rxd6 {[%emt 0:00:03]} Rc5 {[%emt 0:00:08]} 28. Kf1 {[%emt 0:09:25]} Kf8 {[%emt 0:01:34]} 29. Ke2 {[%emt 0:00:40]} Ke7 {[%emt 0:00:17]} 30. Rdd1 {[%emt 0:01:32]} Rbc8 {[%emt 0:00:43]} 31. Kd3 {[%emt 0:00:02]} R8c7 {[%emt 0:02:38]} 32. f3 {[%emt 0:01:26]} Rc8 {[%emt 0:02:04]} 33. a4 {[%emt 0:00:55]} h5 {[%emt 0:00:54]} 34. h4 {[%emt 0:00:37]} f5 {[%emt 0:01:05]} 35. Rd2 {[%emt 0:00:31]} Kf6 {[%emt 0:01:05]} 36. Rc3 {[%emt 0:01:10]} f4 {[%emt 0:05:41]} 37. Rc1 {[%emt 0:00:42]} g5 {[%emt 0:00:58]} 38. hxg5+ {[%emt 0:00:26]} Kxg5 {[%emt 0:00:06]} 39. Rdd1 {[%emt 0:00:14]} R8c7 {[%emt 0:01:34]} 40. Rd2 {[%emt 0:00:00]} Rc8 41. Rdd1 {[%emt 0:08:27]} Kf6 {[%emt 0:12:13]} 42. Rc2 {[%emt 0:03:28]} Kg6 {[%emt 0:00:27]} 43. Ke2 {[%emt 0:06:04]} Rxc4 {[%emt 0:00:07]} 44. Rxc4 {[%emt 0:00:05]} Rxc4 {[%emt 0:00:03]} 45. Rd6 Kf6 {[%emt 0:02:39]} 46. Rxb6 {[%emt 0:00:19]} Rxa4 {[%emt 0:00:04]} 47. Ra6 {[%emt 0:00:09]} Ra3 {[%emt 0:02:33]} 48. Kf2 {[%emt 0:00:31]} a4 {[%emt 0:00:34]} 49. b6 {[%emt 0:02:45]} Rb3 {[%emt 0:01:11]} 50. Kg1 {[%emt 0:00:27]} a3 {[%emt 0:00:24]} 51. b7 {[%emt 0:00:09]} Rxb7 {[%emt 0:00:41]} 1/2-1/2